Цветные странички (Запись № 1240595)

Подробности
000 -МАРКЕР
контрольное поле 01256nam0a2200313 4500
001 - ИДЕНТИФИКАТОР ЗАПИСИ
контрольное поле RU\NLR\bibl\519833
005 - ИДЕНТИФИКАТОР ВЕРСИИ
контрольное поле 20260406081451.0
010 ## - МЕЖДУНАРОДНЫЙ СТАНДАРТНЫЙ НОМЕР КНИГИ (ISBN)
Номер (ISBN) 5-94847-350-3
Тираж 10000
021 ## - НОМЕР ГОСУДАРСТВЕННОЙ РЕГИСТРАЦИИ
Код страны российская федерация
Номер 2004-17168
Номер Листа государственной регистраци 882
035 ## - ДРУГИЕ СИСТЕМНЫЕ НОМЕРА
Идентификатор записи (NLR Aleph) 000512242
100 ## - ДАННЫЕ ОБЩЕЙ ОБРАБОТКИ
Данные общей обработки 20040514d2004 |||y0rusy50 ca
101 0# - ЯЗЫК РЕСУРСА
Язык текста, звукозаписи и т.д. русский
102 ## - СТРАНА ПУБЛИКАЦИИ ИЛИ ПРОИЗВОДСТВА
Страна публикации российская федерация
105 ## - ПОЛЕ КОДИРОВАННЫХ ДАННЫХ: ТЕКСТОВЫЕ МАТЕРИАЛЫ, МОНОГРАФИЧЕСКИЕ
Кодированные данные о монографическом текстовом документе a |||||||||
200 1# - ЗАГЛАВИЕ И СВЕДЕНИЯ ОБ ОТВЕТСТВЕННОСТИ
Основное заглавие Цветные странички
Сведения, относящиеся к заглавию Игровая тетр.
-- [Для занятий взрослых с детьми
Первые сведения об ответственности Анна Левина, Ольга Морозова]
210 ## - ПУБЛИКАЦИЯ, РАСПРОСТРАНЕНИЕ И ДР.
Место издания, распространения и т.д. М.
Имя издателя, распространителя и т. д. Олма-Пресс Экслибрис
Дата издания, распространения и т.д. 2004
215 ## - ФИЗИЧЕСКАЯ ХАРАКТЕРИСТИКА
Специфическое обозначение материала и объем 8 с.
Другие сведения о физической характеристике ил., цв. ил.
Размеры 28
225 1# - СЕРИЯ
Основное заглавие серии Полный курс подготовки к школе
Сведения, относящиеся к заглавию 3-4 года
300 ## - ОБЩИЕ ПРИМЕЧАНИЯ
Текст примечания Авт. указаны в вып. дан.
686 ## - ИНДЕКСЫ ДРУГИХ КЛАССИФИКАЦИЙ
Индекс Ш9(2)60=Р7-8
700 #1 - ИМЯ ЛИЦА - ПЕРВИЧНАЯ ОТВЕТСТВЕННОСТЬ
Код отношения Автор
Материалы, к которым относится поле rus
Графика поля Кириллица
Начальный элемент ввода Левина
Часть имени, кроме начального элемента ввода А.
Дополнения к именам, кроме дат псевдоним
Расширение инициалов личного имени Анна
Идентификатор авторитетной/нормативной записи RU\NLR\AUTH\7745656
Системный номер авторитетной/нормативной записи 28591
701 #1 - ИМЯ ЛИЦА - АЛЬТЕРНАТИВНАЯ ОТВЕТСТВЕННОСТЬ
Код отношения Автор
Материалы, к которым относится поле rus
Графика поля Кириллица
Начальный элемент ввода Морозова
Дополнения к именам, кроме дат педагог-методист
Часть имени, кроме начального элемента ввода О.А.
Расширение инициалов личного имени Ольга Александровна
Идентификатор авторитетной/нормативной записи RU\NLR\auth\7719166
Системный номер авторитетной/нормативной записи 2239
801 #0 - ИСТОЧНИК ЗАПИСИ
Страна российская федерация
Организация NLR
Дата составления 20040514
Правила каталогизации PSBO
801 #1 - ИСТОЧНИК ЗАПИСИ
Страна российская федерация
Организация NLR
Дата составления 20040514
942 ## - ДОПОЛНИТЕЛЬНЫЕ ЭЛЕМЕНТЫ ЗАПИСИ (АБИС)
Тип экземпляра АБИС Книга
980 ## - КОЛЛЕКЦИЯ
Название коллекции Национальная библиография
Экземпляры
Тип экземпляра Дата поступления Источник поступления Библиотека постоянного хранения Библиотека текущего хранения Место хранения Шифр хранения Штрих-код Статус не для выдачи
Книга 14.05.2004 Обязательный экземпляр РНБ (Московский) РНБ (Московский) Русский книжный фонд: издания с 1957 года, 3этаж 2004-8/1354 685842  
Книга 14.05.2004 Обязательный экземпляр РНБ (Московский) РНБ (Московский) Обменный фонд   685843